Score 0/12 Timer 05:00
0 Plays Today
% Correct
Jersey City
75.3%
Newark
75.3%
Montclair
72.8%
Morristown
66.7%
Paterson
63%
Wayne
59.3%
Rahway
55.6%
Boonton
53.1%
Summit
53.1%
West New York
50.6%
Hackensack
49.4%
Westwood
45.7%
Remove Ads.
Support Sporcle.
Get the best of Sporcle when you Go Orange. This ad-free experience offers more features, more stats, and more fun while also helping to support Sporcle. Thank you for becoming a member.

You're not logged in!

Compare scores with friends on all Sporcle quizzes.
OR
Log In

Show Comments

Extras

Top Quizzes Today


Score Distribution

Your Account Isn't Verified!

In order to create a playlist on Sporcle, you need to verify the email address you used during registration. Go to your Sporcle Settings to finish the process.

Report this User

Report this user for behavior that violates our Community Guidelines.

Details: